000 01142cam a22003135a 4500
001 016793934
003 OSt
005 20150804123811.0
008 140707t2014 caua fr 001 0 eng d
020 _a9780133900958 (paperback)
020 _a0133900959 (paperback)
040 _aStDuBDS
_beng
_cStDuBDS
_dEG-ScBUE
082 0 4 _a778.5350285
_bSCO
_222
100 1 _aScoppettuolo, Dion.
_938273
245 1 0 _aiMovie /
_cDion Scoppettuolo.
246 3 4 _aiMovie :
_bcreate, edit, and share stunning movies on your Mac and iOS device
260 _a[San Francisco] :
_bPeachpit Press / Pearson Education,
_cc.2015
300 _axv, 318 p. :
_bill. ;
_c24 cm.
490 0 _aApple Pro training series
500 _aIndex : p. 311-318.
630 0 0 _aiMovie.
650 0 _aDigital cinematography
_xTechnique
_vAmateurs’ manuals
_2BUEsh
650 0 _aMotion pictures
_xEditing
_xData processing.
_vBUEsh
_2BUEsh
650 0 _aMotion pictures
_xProduction and direction
_vAmateurs’ manuals.
_2BUEsh
651 _2BUEsh
653 _bCOMAME
_cAugust2015
655 _vreading book
_934232
942 _2ddc
_k778.5350285 SCO
999 _c20417
_d20389